| 000 | 01185nam a22001937a 4500 | ||
|---|---|---|---|
| 003 | JO-AjAnu | ||
| 005 | 20240708135506.0 | ||
| 008 | 240708b jo ||||| |||| 00| 0 ara d | ||
| 040 |
_aJO-AjAnu _bARA _cJO-AjAnu |
||
| 041 | 0 | _hARA | |
| 100 |
_aدويكات، رشاد فلاح _eمعد _966056 |
||
| 245 |
_aاثر ديوان المحاسبة في تحقيق اهداف التنمية المستدامة في الوحدات والجهات الحكومية الأردنية : التدقيق المبني على المخاطر كمتغير معدل = The impact of Audit Bureau in Achieving Sustainable Development Goals in Jordanian Government Units and Agencies : Risk Based Auditing as a Moderating Variable / _cاعداد رشاد فلاح دويكات ؛ اشراف علي عبدالله علي الزعبي |
||
| 260 | _c2024 | ||
| 300 | _a100 ورقة | ||
| 500 | _aرسالة جامعية (اطروحة ماجستير) جامعة عجلون الوطنية ، كلية الاعمال / تخصص المحاسبة، 2024 | ||
| 650 | _vالرقابة المالية-الأردن | ||
| 700 |
_aالزعبي، علي عبدالله علي _eمشرف _966058 |
||
| 942 |
_2lcc _cTHS _n0 |
||
| 999 |
_c33580 _d33580 |
||